| 000 -ლიდერი |
| ფიქსირებული სიგრძის საკონტროლო ველი |
01936nam a2200289Ia 4500 |
| 001 - საკონტროლო ნომერი |
| საკონტროლო ველი |
22280 |
| 003 - საკონტროლო ნომრის იდენტიფიკატორი |
| საკონტროლო ველი |
GE_BSU |
| 005 - ბოლო ოპერაციის თარიღი და დრო |
| საკონტროლო ველი |
20230223174756.0 |
| 008 - ფიქსირებული სიგრძის მონაცემთა ელემენტები - ზოგადი ინფორმაცია |
| ფიქსირებული სიგრძის საკონტროლო ველი |
181216s2016||||ge |||||||||||||| ||geo|| |
| 020 ## - წიგნის საერთაშორისო სტანდარტული ნომერი |
| International Standard Book Number |
9789941468063 |
| 040 ## - კატალოგიზაციის წყარო |
| Transcribing agency |
GE_BSU |
| 041 ## - ენის კოდი |
| Language code of text/sound track or separate title |
geo |
| 080 ## - უნივერსალური ათობითი კლასიფიკაციის ინდექსი |
| Universal Decimal Classification number |
327(3-11)+94(3-11)+821.14'01.09-13 დ-90 |
| 100 ## - მთავარი ჩანაწერი - პიროვნების სახელი |
| Personal name |
დულარიძე, თეა |
| 9 (RLIN) |
17018 |
| 245 ## - ცნობა სათაურის შესახებ |
| Title |
ელჩობა ძველ აღმოსავლურ ტრადიციასა და ჰომეროსის ეპოსში / |
| Statement of responsibility, etc |
თეა დულარიძე ; რედაქტორი : ნანა ტონია, თამარ ჭეიშვილი. |
| 264 ## - წარმოების, გამოცემის, დისტრიბუციის და სხვა ცნობები |
| გამოცემის, წარმოების, დისტრიბუციის... ადგილი |
თბილისი : |
| გამოცემის, წარმოების, დისტრიბუციის... სახელწოდება |
ლოგოსი, |
| გამოცემის, წარმოების, დისტრიბუციის... თარიღი |
2016. |
| 300 ## - ფიზიკური აღწერა |
| Extent |
304 გვ. ; |
| Dimensions |
20 სმ. |
| 490 ## - სერიის ცნობა |
| Series statement |
პროგრამა "ლოგოსი" |
| 500 ## - ზოგადი შენიშვნა |
| General note |
პუბლიკაციები და ღონისძიებები კლასიკური ფილოლოგიის, ბიზანტინისტიკისა და ნეოგრეცისტიკის სფეროში |
| 653 ## - INDEX TERM--UNCONTROLLED |
| Uncontrolled term |
ელჩობა ძველ აღმოსავლურ ტრადიციასა და ჰომეროსის ეპოსში |
| 653 ## - INDEX TERM--UNCONTROLLED |
| Uncontrolled term |
პოლიტიკა |
| 700 ## - ADDED ENTRY--PERSONAL NAME |
| Personal name |
ტონია, ნანა |
| Relator term |
რედაქტორი |
| 9 (RLIN) |
17019 |
| 700 ## - ADDED ENTRY--PERSONAL NAME |
| Personal name |
ჭეიშვილი, თამარ |
| Relator term |
რედაქტორი |
| 9 (RLIN) |
10070 |
| 710 ## - ADDED ENTRY--CORPORATE NAME |
| Corporate name or jurisdiction name as entry element |
ივანე ჯავახიშვილის სახელობის თბილისის სახელმწიფო უნივერსიტეტი |
| Subordinate unit |
კლასიკური ფილოლოგიის, ბიზანტინისტიკისა და ნეოგრეცისტიკის ინსტიტუტი |
| 9 (RLIN) |
13867 |
| 942 ## - ADDED ENTRY ELEMENTS (KOHA) |
| Koha item type |
წიგნი |
| Source of classification or shelving scheme |
|